000 00386nam a2200157Ia 4500
008 230917s9999||||xx |||||||||||||| ||und||
040 _e116371
_aMAIN
041 _aEnglish
082 _a546.22 H183W
100 _aHammer, Mark J.
245 0 _aWater and wastewater technology
250 _a3rd ed.
260 _aNew Delhi
_bPrentice-Hill
_c2000
300 _a519p p.
942 _cBK
999 _c108418
_d108418